书目信息 |
| 书名: | Deculturalization and thr struggle for equality | |
| 作者: | Joel Spring. | |
| 分册号: | ||
| 分册名: | 出版地: | Berkeley : |
|
| 出版社: | Osborne McGraw-Hill | |
| 出版时间: | 1994. | |
| 页数: | 113 p. ; | |
| 开本: | 20cm. | |
| 丛书名: | ||
| 中图分类号: | ||
| 科图分类号: | ||
| 其他分类号: | G571.29 | |
| 主题词: | ||
| 电子资源: | ||
| 000 | 00442nam 2200157 a 4500 | |
| 001 | E0140072248 | |
| 005 | 2001122411075078 | |
| 008 | 011224s1994 00010 eng | |
| 020 | @a0-07-060553-X. | |
| 040 | @aPFT@beng | |
| 090 | @aG571.29 | |
| 099 | @dG571.29@eS766 | |
| 245 | @aDeculturalization and thr struggle for equality / @cJoel Spring. | |
| 260 | @aBerkeley :@bOsborne McGraw-Hill,@c1994. | |
| 300 | @a113 p. ;@c20cm. | |
| 500 | @aincludes index | |
| Deculturalization and thr struggle for equality / / Joel Spring.-Berkeley : : Osborne McGraw-Hill, , 1994. |
| 113 p. ; ; 20cm. |
| includes index |
| ISBN 0-07-060553-X. |
| ● |
| 相关链接 |
|
|
|
正题名:Deculturalization and thr struggle for e
索取号:G571.29/S766
 
预约/预借
| 序号 | 登录号 | 条形码 | 馆藏地/架位号 | 状态 | 备注 |
| 1 | 0994 | 300009942 | 社科库409/409社科库 119排2列3层/ [索取号:G571.29/S766] | 在馆 |